000
00237nam a22000977a 4500
999
_c
529884
_d
529884
082
_a
368
_b
BER
100
_a
Bernstain, Peter L.
245
_a
Against The Gods /
942
_2
ddc
_c
BK